The chief secretary to the government, Malaysia / (Record no. 2029)
[ view plain ]
| 000 -LEADER | |
|---|---|
| fixed length control field | nam a22 a 4500 |
| 003 - CONTROL NUMBER IDENTIFIER | |
| control field | AKMAL |
| 005 - DATE AND TIME OF LATEST TRANSACTION | |
| control field | 20170515091157.0 |
| 008 - FIXED-LENGTH DATA ELEMENTS--GENERAL INFORMATION | |
| fixed length control field | 170515s1996 my 00 eng d |
| 020 ## - INTERNATIONAL STANDARD BOOK NUMBER | |
| International Standard Book Number | 9679785912: |
| Terms of availability | RM 79.00 |
| 040 ## - CATALOGING SOURCE | |
| Original cataloging agency | AKMAL |
| Transcribing agency | AKMAL |
| 043 ## - GEOGRAPHIC AREA CODE | |
| Geographic area code | a-my--- |
| 049 ## - LOCAL HOLDINGS (OCLC) | |
| Holding library | mal |
| 082 04 - DEWEY DECIMAL CLASSIFICATION NUMBER | |
| Classification number | 354.595006 AHM |
| 090 ## - LOCALLY ASSIGNED LC-TYPE CALL NUMBER (OCLC); LOCAL CALL NUMBER (RLIN) | |
| Classification number (OCLC) (R) ; Classification number, CALL (RLIN) (NR) | 354.595006 |
| Local cutter number (OCLC) ; Book number/undivided call number, CALL (RLIN) | AHM |
| 090 20 - LOCALLY ASSIGNED LC-TYPE CALL NUMBER (OCLC); LOCAL CALL NUMBER (RLIN) | |
| Classification number (OCLC) (R) ; Classification number, CALL (RLIN) (NR) | 354.595006 |
| Local cutter number (OCLC) ; Book number/undivided call number, CALL (RLIN) | AHM |
| 100 ## - MAIN ENTRY--PERSONAL NAME | |
| Personal name | Ahmad Sarji Abdul Hamid, |
| Titles and words associated with a name | Tan Sri Dato' Seri, |
| Dates associated with a name | 1938- |
| 9 (RLIN) | 508 |
| 245 14 - TITLE STATEMENT | |
| Title | The chief secretary to the government, Malaysia / |
| Statement of responsibility, etc. | Ahmad Sarji |
| 260 ## - PUBLICATION, DISTRIBUTION, ETC. | |
| Place of publication, distribution, etc. | Petaling Jaya : |
| Name of publisher, distributor, etc. | Pelanduk Publications, |
| Date of publication, distribution, etc. | 1996 |
| 300 ## - PHYSICAL DESCRIPTION | |
| Extent | 425p. : |
| Other physical details | col. ill. ; |
| Dimensions | 23cm |
| 500 ## - GENERAL NOTE | |
| General note | Includes index |
| 650 ## - SUBJECT ADDED ENTRY--TOPICAL TERM | |
| Topical term or geographic name entry element | Government executives |
| Geographic subdivision | Malaysia |
| 9 (RLIN) | 4187 |
| 650 ## - SUBJECT ADDED ENTRY--TOPICAL TERM | |
| Topical term or geographic name entry element | Civil service |
| Geographic subdivision | Malaysia |
| 9 (RLIN) | 420 |
| 651 ## - SUBJECT ADDED ENTRY--GEOGRAPHIC NAME | |
| Geographic name | Malaysia |
| General subdivision | Officials and employees |
| 9 (RLIN) | 426 |
| 942 ## - ADDED ENTRY ELEMENTS (KOHA) | |
| Source of classification or shelving scheme | |
| Koha item type | Book |
| Withdrawn status | Lost status | Source of classification or shelving scheme | Damaged status | Not for loan | Collection code | Home library | Current library | Date acquired | Inventory number | Total Checkouts | Full call number | Barcode | Date last seen | Price effective from | Koha item type |
|---|---|---|---|---|---|---|---|---|---|---|---|---|---|---|---|
| NON-FICTION | AKMAL Melaka | AKMAL Melaka | 15.05.2017 | 002565 | 354.595006 AHM | 201706327 | 15.05.2017 | 15.05.2017 | Book | ||||||
| NON-FICTION | AKMAL Melaka | AKMAL Melaka | 15.05.2017 | 002561 | 354.595006 AHM | 201706326 | 15.05.2017 | 15.05.2017 | Book |
